Catalog

Record Details

Catalog Search



Diary of a wimpy kid : dog days  Cover Image Book Book

Diary of a wimpy kid : dog days / by Jeff Kinney.

Kinney, Jeff. (Author).

Summary:

It’s summer vacation, the weather’s great, and all the kids are having fun outside. So where’s Greg Heffley? Inside his house, playing video games with the shades drawn. Greg, a self-confessed "indoor person,” is living out his ultimate summer fantasy: no responsibilities and no rules. But Greg’s mom has a different vision for an ideal summer . . . one packed with outdoor activities and "family togetherness.” Whose vision will win out? Or will a new addition to the Heffley family change everything?

Record details

  • ISBN: 9780810983915
  • ISBN: 0810983915
  • ISBN: 9780810988880
  • Physical Description: 214 pages : illustrations ; 22 cm.
  • Publisher: New York : Amulet Books, ©2009.
Subject: Summer > Juvenile fiction.
Summer > Juvenile fiction.
Diaries > Juvenile fiction.
Vacations > Juvenile fiction.
Video games > Juvenile fiction.
Mothers and sons > Juvenile fiction.
Friendship > Juvenile fiction.
Genre: Juvenile works.
Domestic fiction.
Humorous fiction.

Available copies

  • 2 of 2 copies available at scottsboropl.

Holds

  • 0 current holds with 2 total copies.
Show Only Available Copies
Location Call Number / Copy Notes Barcode Shelving Location Status Due Date
scottsboropl JF Kin 32269001038028 Juvenile - Fiction Available -
scottsboropl JF Kin 32269001284820 Storage - Juvenile Available -

LDR 02070pam a2200433 a 4500
001118107
003SBPL
00520180118074217.0
008090722s2009 nyua c 000 1 eng d
010 . ‡a 2009024953
020 . ‡a9780810983915 ‡q(hardback)
020 . ‡a0810983915 ‡q(hardback)
020 . ‡a9780810988880 ‡q(paperback)
035 . ‡a(CONS)118107
035 . ‡a(CPomAG)LMN317360
05000. ‡aPZ7.K6232 ‡bDi 2009
08200. ‡a[Fic] ‡222
1001 . ‡aKinney, Jeff.
24510. ‡aDiary of a wimpy kid : ‡bdog days / ‡cby Jeff Kinney.
24630. ‡aDog days
260 . ‡aNew York : ‡bAmulet Books, ‡c©2009.
300 . ‡a214 pages : ‡billustrations ; ‡c22 cm.
336 . ‡atext ‡2rdacontent
337 . ‡aunmediated ‡2rdamedia
338 . ‡avolume ‡2rdacarrier
4901 . ‡aDiary of a wimpy kid ; ‡vBk 4
520 . ‡aIt’s summer vacation, the weather’s great, and all the kids are having fun outside. So where’s Greg Heffley? Inside his house, playing video games with the shades drawn. Greg, a self-confessed "indoor person,” is living out his ultimate summer fantasy: no responsibilities and no rules. But Greg’s mom has a different vision for an ideal summer . . . one packed with outdoor activities and "family togetherness.” Whose vision will win out? Or will a new addition to the Heffley family change everything?
650 0. ‡aSummer ‡vJuvenile fiction.
650 0. ‡aSummer ‡vJuvenile fiction.
650 0. ‡aDiaries ‡vJuvenile fiction.
650 0. ‡aVacations ‡vJuvenile fiction.
650 0. ‡aVideo games ‡vJuvenile fiction.
650 0. ‡aMothers and sons ‡vJuvenile fiction.
650 0. ‡aFriendship ‡vJuvenile fiction.
655 7. ‡aJuvenile works.
655 7. ‡aDomestic fiction. ‡2lcgft
655 7. ‡aHumorous fiction. ‡2lcgft
8001 . ‡aDiary of a wimpy kid ; ‡vBk 4
8301 . ‡aKinney, Jeff. ‡tDiary of a wimpy kid ; ‡vBk 4.
901 . ‡a118107 ‡bUnknown ‡c118107 ‡tbiblio

Additional Resources